Mausam : Maritime Cultural Landscapes Across The Indian Ocean .-9788173055249 (Record no. 18612)
[ view plain ]
| 000 -LEADER | |
|---|---|
| fixed length control field | 00441nam a2200145Ia 4500 |
| 008 - FIXED-LENGTH DATA ELEMENTS--GENERAL INFORMATION | |
| fixed length control field | 220803s9999 xx 000 0 und d |
| 020 ## - INTERNATIONAL STANDARD BOOK NUMBER | |
| International Standard Book Number | 9788173055249 |
| 041 ## - LANGUAGE CODE | |
| Language code of text/sound track or separate title | eng |
| 082 ## - DEWEY DECIMAL CLASSIFICATION NUMBER | |
| Classification number | 712 RAY |
| 100 ## - MAIN ENTRY--PERSONAL NAME | |
| Personal name | Ray H P Ed. |
| 9 (RLIN) | 29751 |
| 245 ## - TITLE STATEMENT | |
| Title | Mausam : Maritime Cultural Landscapes Across The Indian Ocean .-9788173055249 |
| 260 ## - PUBLICATION, DISTRIBUTION, ETC. (IMPRINT) | |
| Name of publisher, distributor, etc. | "National Monuments Authority, New Delhi" |
| Date of publication, distribution, etc. | 2014 |
| 300 ## - PHYSICAL DESCRIPTION | |
| Extent | 94p |
| 650 ## - SUBJECT ADDED ENTRY--TOPICAL TERM | |
| Topical term or geographic name as entry element | Landscape Architecture |
| 9 (RLIN) | 29752 |
| Withdrawn status | Lost status | Damaged status | Not for loan | Home library | Current library | Date acquired | Vendor | Total Checkouts | Full call number | Barcode | Date last seen | Bill Date | Koha item type | Original Barcode |
|---|---|---|---|---|---|---|---|---|---|---|---|---|---|---|
| Dr. Bhanuben Nanavati College of Architecture | Dr. Bhanuben Nanavati College of Architecture | 10/04/2015 | Divekar Asmita | 712 RAY | BNCA-DB-1262 | 03/08/2022 | 03/08/2022 | Donated Book | DB001262 |